000 02546nam0a2200421 4500
001 RU\NLR\bibl\503115
005 20260409073429.0
010 _a5-7464-0366-0
_9500
021 _aRU
_b2004-5766
_9296
035 _a(NLR Aleph) 000495693
090 _a1141757
_c1141757
100 _a20040322d2002 |||y0rusy50 ca
101 0 _arus
_erus
_eger
102 _aDE
_aRU
105 _aa |||||||||
200 1 _aЭкономическое моделирование и прогнозирование на компьютере
_dEDV-Gestützte Modellierung und Prognoseerstellung
_fЭ.Ю. Лернер, О.А. Кашина
_gКазан. гос. ун-т
_zger
210 _aГиссен
_aКазань
_cИзд-во Казан. ун-та
_d2002
215 _a138, [2] с.
_d20
225 1 _aСотрудничество немецких и российских вузов
_iУчебная литература для экономического образования
_dLehrbuchreihe für die Ausbildung von Ökonomen erstellt in Zusammenarbeit deutscher und russischer Hochschullehrer
300 _aАвт. также на нем. яз.: E.Yu. Lerner, O.A. Kaschina
320 _aБиблиогр. в конце кн. (29 назв.)
510 0 _aEDV-Gestützte Modellierung und Prognoseerstellung
_zger
606 0 _aМатематические модели в экономике
_jРуководства, пособия и т.п.
_91534555
_3RU\NLR\auth\66668608
606 _aЭкономика
_xМатематическое моделирование
_jУчебные издания
_3RU\NLR\auth\661263085
_92086938
606 0 _aЭкономика
_jРуководства, пособия и т.п.
_xКомпьютеризация
_92112333
_3RU\NLR\auth\661276492
606 0 _aЭкономика
_jУчебные издания
_xКомпьютеризация
_92112333
_3RU\NLR\auth\661276492
686 _aУ.в611я7
686 _aУ.в612я7
700 1 _4070
_8rus
_7ca
_aЛернер
_bЭ. Ю.
_gЭдуард Юльевич
_3RU\NLR\auth\7718370
_91448
701 1 _4070
_8rus
_7ca
_aКашина
_bО. А.
_f1960-
_gОльга Андреевна
_3RU\NLR\auth\7718365
_91443
790 1 _4070
_8rus
_7ba
_aLerner
_bÊ. J.
_gÊduard Jul'evič
_3RU\NLR\auth\7718372
_91450
790 1 _4070
_8rus
_7ba
_aKašina
_bO. A.
_f1960-
_gOl'ga Andreevna
_3RU\NLR\auth\7718369
_91447
801 0 _aRU
_bNLR
_c20040322
_gPSBO
801 1 _aRU
_bNLR
_c20040322
942 _cBOOK
980 _aNB